Resumen Estado de la Educación 6 (Registro nro. 10440)
[ vista simple ]
| 000 -CABECERA | |
|---|---|
| campo de control de longitud fija | 00718nam a22002537a 4500 |
| 005 - FECHA Y HORA DE ACTUALIZACIÓN | |
| campo de control | 20180312181524.0 |
| 008 - LONGITUD FIJA | |
| campo de control de longitud fija | 180312b xxu||||| |||| 00| 0 spa d |
| 020 ## - INTERNATIONAL STANDARD BOOK NUMBER | |
| Número Internacional Estándar del Libro | 9789930540039 |
| 041 ## - IDIOMA | |
| Código de idioma del texto/pista de sonido o título separado | |
| 082 ## - CLASIFICACIÓN DECIMAL DEWEY | |
| Número de clasificación | 378.172.86 P964e6 |
| 100 ## - AUTOR PERSONAL | |
| Nombre de persona | Proyecto Estado de la Nación |
| 245 ## - TÍTULO PROPIAMENTE DICHO | |
| Título | Resumen Estado de la Educación 6 |
| 260 ## - PIE DE IMPRENTA | |
| Lugar de publicación, distribución, etc. | Costa Rica |
| 260 ## - PIE DE IMPRENTA | |
| Nombre del editor, distribuidor, etc. | Programa Estado de la Nación |
| 260 ## - PIE DE IMPRENTA | |
| Fecha de publicación, distribución, etc. | 2017 |
| 300 ## - DESCRIPCIÓN FÍSICA | |
| Extensión | 66 páginas |
| 650 ## - Materia General | |
| Materia general | COSTA RICA |
| 650 ## - Materia General | |
| Materia general | EDUCACIÓN SUPERIOR |
| 650 ## - Materia General | |
| Materia general | POLÍTICA EDUCATIVO |
| 650 ## - Materia General | |
| Materia general | EDUCACIÓN PREUNIVERSITARIA |
| 650 ## - Materia General | |
| Materia general | REDIMIENTO EDUCATIVO |
| 650 ## - Materia General | |
| Materia general | REGIÓN BRUNCA |
| 942 ## - Punto de Acceso Adicional Koha | |
| Tipo de ítem Koha | Libro |
| Estado perdido | Estado dañado | No para préstamo | Biblioteca permanente | Biblioteca actual | Signatura completa | Código de barras | Precio efectivo a partir del | Tipo de ítem |
|---|---|---|---|---|---|---|---|---|
| Departamento de Biblioteca y Documentación Alfonso Chase Brenes | Departamento de Biblioteca y Documentación Alfonso Chase Brenes | 378.172.86 P964e6 | 22899 | 12/03/2018 | Libro |